000 00298nam a2200109Ia 4500
008 200302s9999 xx 000 0 und d
100 _aEdward De Bono
245 _aA New Religion? H+ How to Live your Life Positively Through
260 _bVermilion United Kingdom
260 _c2006
300 _a93 P.,
999 _c5889
_d5889